000
00273nam a2200121 a 4500
008
100921s1971|||| d
245
1
0
_a
Cesare Borgia
100
1
_a
Fusero, Clemente
260
_c
1971
_a
Bratislava
_b
Obzor
020
_c
25
044
_a
xo
_c
SK
041
_a
slo
999
_c
10570
_d
10570